Normal view
MARC view
- THE CLASH OF CIVILIZATIONS AND THE REMAKING OF WORLD ORDER
Entry Topical Term
001 - CONTROL NUMBER
- control field: 73585
003 - CONTROL NUMBER IDENTIFIER
- control field: NUST
005 - DATE AND TIME OF LATEST TRANSACTION
- control field: 20210628205036.0
008 - FIXED-LENGTH DATA ELEMENTS
- fixed length control field: 210628|| aca||aabn | a|a d
040 ## - CATALOGING SOURCE
- Original cataloging agency: NUST
- Transcribing agency: NUST
150 ## - HEADING--TOPICAL TERM
- Topical term or geographic name entry element: THE CLASH OF CIVILIZATIONS AND THE REMAKING OF WORLD ORDER
670 ## - SOURCE DATA FOUND
- Source citation: Work cat.: (NUST): Sohail Anjum, Huntington, Samuel.P 73584, Tehzeeban ka tasadam aur alami nazam key tashkil, the clash of civilizations and the remaking of world order, 2003
